¿Puedes mencionar a todos los países de Medio Oriente? - Estadísticas

Estadísticas generales
  • Esta prueba ha sido intentada 72 veces
  • La puntuación promedio es 16 de 17
Estadísticas de respuestas
Imagen Respuesta % Correcto
Arabia Saudita
100%
Catar / Qatar
100%
Chipre
100%
Egipto
98%
Irak
98%
Irán
98%
Israel
98%
Turquía
98%
Emiratos Árabes Unidos
97%
Jordania
97%
Líbano
97%
Yemen
95%
Omán
93%
Siria
93%
Kuwait
92%
Bárein
89%
Palestina
75%
No se encontraron pruebas coincidentes
Distribución de puntuación
Porcentaje de gente con cada puntuación
Porcentaje por número respondido
Historial de tus puntuaciones
No has intentado esta prueba.